ARRUPE JESUIT UNIVERSITY

CORONAVIRUS -STOP THE SPREAD - CLEAN,DISINFECT,COVER

The Church in South Africa (Record no. 125364)

MARC details
000 -LEADER
fixed length control field 00844cam a2200289 4500
001 - CONTROL NUMBER
control field 4603593
003 - CONTROL NUMBER IDENTIFIER
control field ARRUPE
005 - DATE AND TIME OF LATEST TRANSACTION
control field 20160927104158.0
008 - FIXED-LENGTH DATA ELEMENTS--GENERAL INFORMATION
fixed length control field 700831s1968 enkb b 001 0 eng
010 ## - LIBRARY OF CONGRESS CONTROL NUMBER
LC control number 76374002
015 ## - NATIONAL BIBLIOGRAPHY NUMBER
National bibliography number B69-01342
020 ## - INTERNATIONAL STANDARD BOOK NUMBER
International Standard Book Number 0281022771
040 ## - CATALOGING SOURCE
Original cataloging agency DLC
Transcribing agency DLC
Modifying agency DLC
050 00 - LIBRARY OF CONGRESS CALL NUMBER
Classification number BR1450
Item number .H659
082 00 - DEWEY DECIMAL CLASSIFICATION NUMBER
Classification number 276.8
300 ## - PHYSICAL DESCRIPTION
Other physical details map.
Dimensions 19 cm.
100 1# - MAIN ENTRY--PERSONAL NAME
Personal name Hinchliff, Peter
9 (RLIN) 26239
245 14 - TITLE STATEMENT
Title The Church in South Africa
Statement of responsibility, etc / Peter Hinchliff.
260 ## - PUBLICATION, DISTRIBUTION, ETC. (IMPRINT)
Place of publication, distribution, etc London,
Name of publisher, distributor, etc S.P.C.K.
Date of publication, distribution, etc 1968.
300 ## - PHYSICAL DESCRIPTION
Extent xii, 116 p.
350 ## - PRICE (NR) (BK AM CF MU VM SE) [OBSOLETE]
Price 9/6
440 ## - SERIES STATEMENT/ADDED ENTRY--TITLE
Title Church history outlines
9 (RLIN) 26240
504 ## - BIBLIOGRAPHY, ETC. NOTE
Bibliography, etc Bibliography: p. 108-112.
651 #0 - SUBJECT ADDED ENTRY--GEOGRAPHIC NAME
Geographic name South Africa
General subdivision Church history.
9 (RLIN) 10532
710 2# - ADDED ENTRY--CORPORATE NAME
Corporate name or jurisdiction name as entry element Church Historical Society (Great Britain)
9 (RLIN) 26241
906 ## - LOCAL DATA ELEMENT F, LDF (RLIN)
a 7
b cbc
c orignew
d u
e ncip
f 19
g y-gencatlg
942 ## - ADDED ENTRY ELEMENTS (KOHA)
Source of classification or shelving scheme Library of Congress Classification
Koha item type Monograph ( Printed materials)
Holdings
Withdrawn status Lost status Source of classification or shelving scheme Damaged status Not for loan Collection code Home library Current library Shelving location Date acquired Total Checkouts Full call number Barcode Date last seen Price effective from Koha item type
    Library of Congress Classification     Main Collection ARRUPE LIBRARY ARRUPE LIBRARY Main Collection 27/09/2016   BR1450 .H659 46500010722 27/09/2016 27/09/2016 Monograph ( Printed materials)

 

Arrupe Library. PO Box MP320 Mt Pleasant, Harare, Zimbabwe
263 242 745411|librarian@aju.ac.zw